Una fórmula, una imagen: gráficas asombrosas con su PC

保存先:
書誌詳細
第一著者: Markus Kaplán, Mario René (autor)
フォーマット: 図書
言語:スペイン語
出版事項: Santiago LOM 2009
版:1a. ed
主題:
タグ: タグ追加
タグなし, このレコードへの初めてのタグを付けませんか!

MARC

LEADER 00000nam a2200000 a 4500
001 UCH9144
003 CL-VaPUC
008 091224e20090000CL |||||||||||||||||spa|d
020 |a 9789560000828 
082 0 4 |a 006  |b MAR  |2 21 
100 |a Markus Kaplán, Mario René  |e autor  |9 556221 
245 1 4 |a Una fórmula, una imagen: gráficas asombrosas con su PC 
250 |a 1a. ed 
300 |a 266 p 
942 |c BK 
945 |d 20091224 00:00:00  |a cmena 
260 |a Santiago  |b LOM  |c 2009 
500 |a Incluye Cd-Rom 
500 |a En este libro innovador convergen dos disciplinas: ciencia y arte, instruyéndose al lector sobre cómo producir sus propias imágenes en un PC. 48 figuras en colores y 110 en blanco y negro ejemplifican lo que se puede crear fácilmente usando el Cd-Rom adjunto 
650 0 |a Gráficos por computador  |9 262412 
650 0 |a Imágenes   |9 361884 
650 0 |a Matemática aplicada   |9 260236 
650 0 |a Artes plásticas  |9 268637 
583 |a last modification  |c 20091224 00:00:00  |k Rodrigo Vera 
999 |c 339205  |d 339203 
952 |0 0  |1 0  |4 0  |6 006_000000000000000_MAR_2009  |7 0  |8 C  |9 432687  |a BIBCUR  |b BIBCUR  |d 2019-11-22  |i 462727K  |o 006 MAR 2009  |p 462727K  |r 2025-04-22  |w 2019-11-22  |y BK  |k CAC